Normal view
MARC view
Entry Topical Term
001 - CONTROL NUMBER
- control field: 31064
003 - CONTROL NUMBER IDENTIFIER
- control field: OSt
005 - DATE AND TIME OF LATEST TRANSACTION
- control field: 20220510125314.0
008 - FIXED-LENGTH DATA ELEMENTS
- fixed length control field: 220510|| aca||aabn | a|a d
040 ## - CATALOGING SOURCE
- Original cataloging agency: OSt
- Transcribing agency: OSt
150 ## - HEADING--TOPICAL TERM
- Topical term or geographic name entry element: Alcohol, Behaviour, Binge, Cross-sectional, Peer pressure, Social norms
670 ## - SOURCE DATA FOUND
- Source citation: Work cat.: (OSt): Latwal, Gopal Singh 31063, Alcohol consumption: Role of peer pressure and social norms among management students in Delhi
